000 00864nam a22002771 4500
001 9723
003 BD-RjUL
005 20211208234826.0
008 140121s1960 njua 000 0 eng
035 _a(BD-RjUL)9768
040 _aDLC/ICU
_cICU
_dDLC
_dBD-RjUL
_beng
041 _aeng
082 0 0 _a621.3819
_bSOT 1960
100 1 _aSoohoo, Ronald F.
_930064
245 1 0 _aTheory and application of ferrites. /
_cby Soohoo, Ronald F.
260 _aEnglewood Cliffs, N.J. :
_bPrentice-Hall,
_c1960.
300 _avi,280 p. :
_billus.
_c24 cm.
504 _aIncludes index.
650 0 _aFerrites (Magnetic materials)
_930066
650 0 _aElectronic apparatus and appliances.
_927896
650 0 _aMagnetic materials.
_930067
942 _2ddc
_cBK
999 _c9723
_d9723